000 00837nam a22003017a 4500
001 BR0503437
003 BR-BrBNA
005 20230928101933.0
007 ta
008 230509b bl.||||| |||| 00| 0 por d
040 _aBR-BrBNA
_bpor
_cBiblioteca Nacional de Agricultura
041 _a(Por)
072 _aE14; P01
090 _ E14 BR0503437
110 1 _aInstituto Sociambiental, São Paulo, SP (Brasil)
245 1 _aAlmanaque Brasil sociambiental
260 3 _aSão Paulo, SP (Brasil):
_c2004.
300 _a479 p.
500 _a23 illus.
650 _aMEIO AMBIENTE
650 _aBIODIVERSIDADE
650 _aDESENVOLVIMENTO SUSTENTÁVEL
650 _aDESENVOLVIMENTO SÓCIO-ECONÔMICO
650 _aRECURSO ENERGÉTICO
650 _aPOLÍTICA FLORESTAL
909 _a202309
_bLucia
_c55
_dLucia Elande
942 _cBK
999 _c68312
_d68312